| 000 | 01497nam0a22002891 4500 | ||
|---|---|---|---|
| 001 | rc\4754968 | ||
| 005 | 20130417094552.9 | ||
| 021 |
_aRU _b[59-7999ж] |
||
| 035 | _a(NLR Aleph) 009013145 | ||
| 090 |
_a9380661 _c9380661 |
||
| 100 | _a20130417g19581959|||y0rusy50 ca | ||
| 101 | 0 | _arus | |
| 102 | _aRU | ||
| 105 | _ay z ||||| | ||
| 200 | 1 |
_aЛистовки большевиков Среднего Поволжья к крестьянам в период революции 1905-1907 гг. _fСост. сборника и авт. вводной статьи доц. И.П. Шмыгин |
|
| 210 |
_aУльяновск _cБ. и. _d1958 [переплет 1959] |
||
| 215 |
_a131 с. _d20 |
||
| 225 | 1 |
_aУльяновский государственный педагогический институт имени И.Н. Ульянова. Кафедра марксизма-ленинизма. Ученые записки _vТ. 14 |
|
| 606 |
_aКрестьянское движение в Среднем Поволжье _jДокументы и материалы _2psbo |
||
| 606 |
_aРеволюция 1905-1907 гг. _yСреднее Поволжье _jДокументы и материалы _2psbo |
||
| 608 |
_aЛистовки и прокламации большевиков _z1905-1907 _yСреднее Поволжье _2psbo |
||
| 702 | 1 |
_aШмыгин _bИ. П. _4220 _4080 |
|
| 801 | 0 |
_aRU _bNLR _gpsbo |
|
| 801 | 1 |
_aRU _bELAR _2rusmarc |
|
| 852 |
_aNLR _jП28/481 |
||
| 942 | _cBOOK | ||
| 980 | _aNB | ||